Malý atlas sveta / (Record no. 20366)
[ view plain ]
| 000 -LEADER | |
|---|---|
| fixed length control field | 01536nem a2200397 ia4500 |
| 001 - CONTROL NUMBER | |
| control field | 20366 |
| 003 - CONTROL NUMBER IDENTIFIER | |
| control field | CZ PrNK |
| 005 - DATE AND TIME OF LATEST TRANSACTION | |
| control field | 20260121141309.0 |
| 007 - PHYSICAL DESCRIPTION FIXED FIELD--GENERAL INFORMATION | |
| fixed length control field | ad canzn |
| 008 - FIXED-LENGTH DATA ELEMENTS--GENERAL INFORMATION | |
| fixed length control field | 230329s1959 xo z e 1 slo |
| 020 ## - INTERNATIONAL STANDARD BOOK NUMBER | |
| Qualifying information | (Vázáno) |
| 034 0# - CODED CARTOGRAPHIC MATHEMATICAL DATA | |
| Category of scale | a |
| 040 ## - CATALOGING SOURCE | |
| Original cataloging agency | ABA001 |
| Language of cataloging | cze |
| Description conventions | rda |
| 043 ## - GEOGRAPHIC AREA CODE | |
| Geographic area code | x------ |
| 072 #7 - SUBJECT CATEGORY CODE | |
| Subject category code | 913 |
| Subject category code subdivision | Regionální geografie |
| Source | Konspekt |
| 072 #7 - SUBJECT CATEGORY CODE | |
| Subject category code | 912 |
| Subject category code subdivision | Mapy. Atlasy. Glóby |
| Source | Konspekt |
| 080 ## - UNIVERSAL DECIMAL CLASSIFICATION NUMBER | |
| Universal Decimal Classification number | 913(100) |
| Edition identifier | MRF |
| 080 ## - UNIVERSAL DECIMAL CLASSIFICATION NUMBER | |
| Universal Decimal Classification number | (084.41)(100) |
| Edition identifier | MRF |
| 110 2# - MAIN ENTRY--CORPORATE NAME | |
| Corporate name or jurisdiction name as entry element | Kartografický a reprodukčný ústav (Modra, Slovensko) |
| Relationship | ctg |
| 245 10 - TITLE STATEMENT | |
| Title | Malý atlas sveta / |
| Statement of responsibility, etc. | spracoval Kartografický a reprodukčný ústav v Modre-Harmónii v spolupráci s Kartografickým a reprodukčným ústavom v Prahe ; hlavný redaktor Antonín Koláčný |
| 250 ## - EDITION STATEMENT | |
| Edition statement | 2. doplnené slovenské vydanie |
| 255 ## - CARTOGRAPHIC MATHEMATICAL DATA | |
| Statement of scale | Měřítka různá |
| 264 #1 - PRODUCTION, PUBLICATION, DISTRIBUTION, MANUFACTURE, AND COPYRIGHT NOTICE | |
| Place of production, publication, distribution, manufacture | Bratislava : |
| Name of producer, publisher, distributor, manufacturer | Správa geodézie a kartografie na Slovensku, |
| Date of production, publication, distribution, manufacture, or copyright notice | 1959 |
| 300 ## - PHYSICAL DESCRIPTION | |
| Extent | 1 atlas (2 svazky) : |
| Other physical details | barevné ; |
| Dimensions | 22 x 30 cm |
| 336 ## - CONTENT TYPE | |
| Content type term | kartografický obraz |
| Content type code | cri |
| Source | rdacontent |
| 337 ## - MEDIA TYPE | |
| Media type term | bez média |
| Media type code | n |
| Source | rdamedia |
| 338 ## - CARRIER TYPE | |
| Carrier type term | svazek |
| Carrier type code | nc |
| Source | rdacarrier |
| 504 ## - BIBLIOGRAPHY, ETC. NOTE | |
| Bibliography, etc. note | Obsahuje bibliografii a rejstřík |
| 505 0# - FORMATTED CONTENTS NOTE | |
| Formatted contents note | Svazek 1. (7 nečíslovaných stran, 122 mapových listů) -- Svazek 2. 384 stran |
| 650 07 - SUBJECT ADDED ENTRY--TOPICAL TERM | |
| Topical term or geographic name entry element | regionální geografie světa |
| Source of heading or term | czenas |
| 655 #7 - INDEX TERM--GENRE/FORM | |
| Genre/form data or focus term | atlasy světa |
| Source of term | czenas |
| 700 1# - ADDED ENTRY--PERSONAL NAME | |
| Personal name | Koláčný, Antonín, |
| Dates associated with a name | 1910-1992 |
| Relationship | edt |
| 710 2# - ADDED ENTRY--CORPORATE NAME | |
| Corporate name or jurisdiction name as entry element | Kartografický a reprodukční ústav (Praha, Česko) |
| Relationship | ctg |
| 910 ## - USER-OPTION DATA (OCLC) | |
| User-option data | ABA001 |
| 942 ## - ADDED ENTRY ELEMENTS (KOHA) | |
| Source of classification or shelving scheme | Dewey Decimal Classification |
| Koha item type | Odborná literatúra pre dospelých |
| Suppress in OPAC | No |
| Stav vyradenia | Strata | Poškodenie | Spôsob nadobudnutia | Domovská knižnica | Aktuálna knižnica | Dátum nadobudnutia | Total checkouts | Čiarový kód exemplára | Date last seen | Typ exemplára |
|---|---|---|---|---|---|---|---|---|---|---|
| Dar | Obecná knižnica Horná Štubňa | Obecná knižnica Horná Štubňa | 21.01.2026 | 4736200382 | 21.01.2026 | Odborná literatúra pre dospelých |
